000 00271nam a2200109Ia 4500
008 200302s9999 xx 000 0 und d
100 _aPhilip Jodidio
245 _aCalatrava Complete Works 1979-2007
260 _bTeschen Gmbh Co. Ltd.
260 _c2007
300 _a519 P.,
999 _c2649
_d2649